|
|
|
|
| LEADER |
00000nam0a2200000 4500 |
| 001 |
363348 |
| 005 |
20231102011600.0 |
| 035 |
|
|
|a (RuTPU)RU\TPU\retro\20695
|
| 090 |
|
|
|a 363348
|
| 100 |
|
|
|a 20210928d1981 k y0rusy50 ca
|
| 101 |
0 |
|
|a rus
|
| 102 |
|
|
|a LV
|
| 105 |
|
|
|a a z 100zy
|
| 200 |
1 |
|
|a Десятая конференция молодых научных работников Института неорганической химии
|e тезисы докладов
|f Академия наук Латвийской ССР, Институт неорганической химии
|
| 210 |
|
|
|a Рига
|c Зинатне
|d 1981
|
| 215 |
|
|
|a 76 с.
|c ил.
|
| 606 |
1 |
|
|a Неорганическая химия
|2 stltpush
|3 (RuTPU)RU\TPU\subj\67586
|9 83311
|
| 610 |
1 |
|
|a физическая химия
|
| 610 |
1 |
|
|a электрохимия
|
| 610 |
1 |
|
|a плазмохимия
|
| 610 |
1 |
|
|a внутрикомплексные соединения
|
| 610 |
1 |
|
|a структура
|
| 610 |
1 |
|
|a силикатные материалы
|
| 610 |
1 |
|
|a технология
|
| 610 |
1 |
|
|a конференции
|
| 675 |
|
|
|a 546(063)
|v 4
|
| 712 |
0 |
2 |
|a Академия наук Латвийской ССР
|b Институт неорганической химии
|2 stltpush
|3 (RuTPU)RU\TPU\col\8028
|9 24455
|
| 712 |
1 |
2 |
|a Институт неорганической химии
|c конференция
|d 10
|e Рига
|f 1981
|
| 801 |
|
1 |
|a RU
|b 63413507
|c 20210928
|
| 801 |
|
2 |
|a RU
|b 63413507
|c 20210928
|g RCR
|
| 942 |
|
|
|c BK
|